• 首页
  • 本馆介绍
  • 公告通知
  • 最新文献
  • 馆藏检索
  • 电子资源
  • 读者导购
  • 参考咨询
  • 我的图书馆
  • 登录
  • 详细信息显示
  • 放入我的书架
  • 预约/预借图书
  • 作者相关作品
  • 分类相关作品
  • 丛书相关作品
  • 出版社相关作品

书目信息

  • 表格格式
  • 工作单格式
  • 卡片格式
题名:
汉语作为第二语言语法教学
    
 
作者: 刘玉屏 著
分册:  
出版信息: 北京   中央民族大学出版社  2017
页数: 391页
开本: 24cm
丛书名:
单 册:
中图分类: H195.3
科图分类:
主题词: 汉语--语法--对外汉语教学--教学研究
电子资源:
ISBN: 978-7-5660-1252-4
000 01176nam0 2200241 450
001 0104431139
005 20180622103426.0
010    @a978-7-5660-1252-4@dCNY108.00
100    @a20180228d2017 em y0chiy0120 ea
101 0  @achi
102    @aCN@b110000
105    @ay z 000yy
106    @ar
200 1  @a汉语作为第二语言语法教学@9Han Yu Zuo Wei Di Er Yu Yan Yu Fa Jiao Xue @f刘玉屏著@b专著@dTeaching Chinese grammar as a second language@zeng
210    @a北京@c中央民族大学出版社@d2017
215    @a391页@d24cm
330    @a本书内容共有8章,可分为两大部分:一是汉语作为第二语言语法教学的基本理论,二是汉语各语法单位的教学知识。在第一部分,主要讨论了语法的概念和内涵、目前存在于学术界的语法教学必要性之争、汉语作为第二语言语法教学的原则和方法、汉语作为第二语言语法教学的组织与实施、汉语作为第二语言教学的语法系统构建等问题。在第二部分,分别讨论了汉语实词、虚词、句子成分和几种句型的常见偏误及相关教学知识。
510 1  @aTeaching Chinese grammar as a second language@zeng
606 0  @a汉语@x语法@x对外汉语教学@x教学研究
690    @aH195.3@v5
701  0 @a刘玉屏@c(女,@f1965~)@4著@9liu yu ping
801  0 @aCN@bAZmarc@c20230904
905    @aBZT@dH195@e24@f3@sH195/24
    
    汉语作为第二语言语法教学/刘玉屏著=Teaching Chinese grammar as a second language.-北京:中央民族大学出版社,2017
    391页;24cm
    
    
    ISBN 978-7-5660-1252-4:CNY108.00
    本书内容共有8章,可分为两大部分:一是汉语作为第二语言语法教学的基本理论,二是汉语各语法单位的教学知识。在第一部分,主要讨论了语法的概念和内涵、目前存在于学术界的语法教学必要性之争、汉语作为第二语言语法教学的原则和方法、汉语作为第二语言语法教学的组织与实施、汉语作为第二语言教学的语法系统构建等问题。在第二部分,分别讨论了汉语实词、虚词、句子成分和几种句型的常见偏误及相关教学知识。
●
相关链接 在五车中查询图书 在当当中查询图书 在豆瓣中查询图书


正题名:汉语作为第二语言语法教学     索取号:H195/24         预约/预借

序号 登录号 条形码 馆藏地/架位号 状态 备注
1 2000008725   2000008725   旧书回溯/ [索取号:H195/24] 在馆    
2 2000008726   2000008726   旧书回溯/ [索取号:H195/24] 在馆    
3 2000008727   2000008727   旧书回溯/ [索取号:H195/24] 在馆    
山东省滨州职业学院图书馆 欢迎您!
大连网信软件有限公司© 版权所有